<?xml version="1.0" encoding="UTF-8"?><marc:collection xmlns:marc="http://www.loc.gov/MARC21/slim">
  <marc:record>
    <marc:leader>00000nam##2200000za#4500</marc:leader>
    <marc:controlfield tag="001">9.679119</marc:controlfield>
    <marc:controlfield tag="003">CaOODSP</marc:controlfield>
    <marc:controlfield tag="005">20200328191737</marc:controlfield>
    <marc:controlfield tag="007">ta</marc:controlfield>
    <marc:controlfield tag="008">150407|1994||||xxc|||||     f|0| 0 fre|d</marc:controlfield>
    <marc:datafield tag="020" ind1=" " ind2=" ">
      <marc:subfield code="a">0-660-94471-5</marc:subfield>
    </marc:datafield>
    <marc:datafield tag="040" ind1=" " ind2=" ">
      <marc:subfield code="a">CaOODSP</marc:subfield>
      <marc:subfield code="b">fre</marc:subfield>
    </marc:datafield>
    <marc:datafield tag="043" ind1=" " ind2=" ">
      <marc:subfield code="a">n-cn---</marc:subfield>
    </marc:datafield>
    <marc:datafield tag="086" ind1="1" ind2=" ">
      <marc:subfield code="a">CP32-60/1994F</marc:subfield>
    </marc:datafield>
    <marc:datafield tag="110" ind1="1" ind2=" ">
      <marc:subfield code="a">Canada.</marc:subfield>
      <marc:subfield code="b">Commission d'examen de la Loi sur le Bureau canadien d'enquête sur les accidents de transport et de la sécurité des transports.</marc:subfield>
    </marc:datafield>
    <marc:datafield tag="245" ind1="1" ind2="0">
      <marc:subfield code="a">Mission sécurité </marc:subfield>
    </marc:datafield>
    <marc:datafield tag="260" ind1=" " ind2=" ">
      <marc:subfield code="a">Ottawa - Ontario : </marc:subfield>
      <marc:subfield code="b">Commission d'examen de la Loi sur le Bureau canadien d'enquête sur les accidents de transport et de la sécurité des transports </marc:subfield>
      <marc:subfield code="c">1994.</marc:subfield>
    </marc:datafield>
    <marc:datafield tag="300" ind1=" " ind2=" ">
      <marc:subfield code="a">xxii, 268p. : </marc:subfield>
      <marc:subfield code="b">figures, organigramme, références, tableaux ; </marc:subfield>
      <marc:subfield code="c">25 cm.</marc:subfield>
    </marc:datafield>
    <marc:datafield tag="500" ind1=" " ind2=" ">
      <marc:subfield code="a">«Ce rapport fait suite à notre examen des trois premières années d'application de la Loi sur le Bureau canadien d'enquête sur les accidents de transport et de la sécurité des transports (Loi sur le BCEATST), conformément aux dispositions de son article 63. Nous avons interprété largement notre mandat en considérant qu'il nous appartenait d'évaluer l'incidence sur la sécurité non seulement de la Loi elle-même, mais aussi de l'organisme créé pour l'appliquer, le Bureau de la sécurité des transports du Canada (BSTC).»--Synopsis. Données de catalogage avant publication (Canada) imprimées dans cette publication.</marc:subfield>
    </marc:datafield>
    <marc:datafield tag="520" ind1="3" ind2=" ">
      <marc:subfield code="a">Ce rapport, préparé par le Bureau de la sécurité des transports du Canada (BSTC), contient 66 recommandations visant à améliorer les enquêtes sur les accidents de transport par eau, par air, par rail et par pipe-line au Canada. Parmi les questions abordées dans le rapport, mentionnons : l'amélioration de l'état de préparation en cas d'accident grave; la production en temps opportun des rapports d'accident; la conclusion d'ententes avec d'autres organismes gouvernementaux; la communication efficace avec le monde des transports. Le rapport recommade le recours accru aux enquêtes publiques, l'élargissement du rôle du BSTC dans les enquêtes sur les accidents de la route et de la navigation de plaisance et un rôle de revendication plus visible en matière de sécurité pour le BSTC. Tableaux.</marc:subfield>
    </marc:datafield>
    <marc:datafield tag="563" ind1=" " ind2=" ">
      <marc:subfield code="a">Couverture souple</marc:subfield>
    </marc:datafield>
    <marc:datafield tag="590" ind1=" " ind2=" ">
      <marc:subfield code="a">94-09</marc:subfield>
      <marc:subfield code="b">1994-03-04</marc:subfield>
    </marc:datafield>
    <marc:datafield tag="691" ind1="0" ind2="7">
      <marc:subfield code="a">Accident</marc:subfield>
      <marc:subfield code="2">gcpds</marc:subfield>
    </marc:datafield>
    <marc:datafield tag="691" ind1="0" ind2="7">
      <marc:subfield code="a">Transport</marc:subfield>
      <marc:subfield code="2">gcpds</marc:subfield>
    </marc:datafield>
    <marc:datafield tag="775" ind1="0" ind2="8">
      <marc:subfield code="t">Advancing safety </marc:subfield>
      <marc:subfield code="w">(CaOODSP)9.645444</marc:subfield>
    </marc:datafield>
    <marc:datafield tag="776" ind1="0" ind2="#">
      <marc:subfield code="t">Mission sécurité - Commission d'examen de la Loi sur le Bureau canadien d'enquête sur les accidents de transport et de la sécurité des transports </marc:subfield>
      <marc:subfield code="w">(CaOODSP)9.643738</marc:subfield>
    </marc:datafield>
  </marc:record>
</marc:collection>
